The roles of evaluation for vocational education and training : plain talk on the field of dreams / (Record no. 3586)

000 -LEADER
fixed length control field 01092cam a22002894a 4500
001 - CONTROL NUMBER
control field 11873125
003 - CONTROL NUMBER IDENTIFIER
control field OSt
005 - DATE AND TIME OF LATEST TRANSACTION
control field 20161014162427.0
008 - FIXED-LENGTH DATA ELEMENTS--GENERAL INFORMATION
fixed length control field 991220s1999 enk b 001 | eng
010 ## - LIBRARY OF CONGRESS CONTROL NUMBER
LC control number 99495025
020 ## - INTERNATIONAL STANDARD BOOK NUMBER
International Standard Book Number 9789221108559
040 ## - CATALOGING SOURCE
Original cataloging agency DLC
Transcribing agency DLC
042 ## - AUTHENTICATION CODE
Authentication code pcc
050 00 - LIBRARY OF CONGRESS CALL NUMBER
Classification number LC1044.G78 1999
100 1# - MAIN ENTRY--PERSONAL NAME
Personal name Grubb, W. Norton.
245 14 - TITLE STATEMENT
Title The roles of evaluation for vocational education and training : plain talk on the field of dreams /
Statement of responsibility, etc W. Norton Grubb, Paul Ryan.
246 30 - VARYING FORM OF TITLE
Title proper/short title Vocational education and training
260 ## - PUBLICATION, DISTRIBUTION, ETC. (IMPRINT)
Place of publication, distribution, etc London :
Name of publisher, distributor, etc Kogan Page ;
Place of publication, distribution, etc Sterling, VA :
Name of publisher, distributor, etc Distributed in the US by Stylus Pub. Inc.,
Date of publication, distribution, etc 1999.
300 ## - PHYSICAL DESCRIPTION
Extent xi, 195 p. ;
Dimensions 25 cm.
504 ## - BIBLIOGRAPHY, ETC. NOTE
Bibliography, etc Includes bibliographical references (p. 167-185) and index.
650 #0 - SUBJECT ADDED ENTRY--TOPICAL TERM
Topical term or geographic name as entry element Vocational education
General subdivision Evaluation.
650 #0 - SUBJECT ADDED ENTRY--TOPICAL TERM
Topical term or geographic name as entry element Occupational training
General subdivision Evaluation.
700 1# - ADDED ENTRY--PERSONAL NAME
Personal name Ryan, Paul,
Dates associated with a name 1947-
906 ## - LOCAL DATA ELEMENT F, LDF (RLIN)
a 7
b cbc
c orignew
d 3
e ncip
f 19
g y-gencatlg
942 ## - ADDED ENTRY ELEMENTS (KOHA)
Source of classification or shelving scheme
Koha item type Book
Holdings
Withdrawn status Lost status Source of classification or shelving scheme Damaged status Not for loan Home library Current library Shelving location Date acquired Total Checkouts Full call number Barcode Date last seen Copy number Price effective from Koha item type
          Riara University Library Riara University Library General stack 14/10/2016   LC1044.G78 1999 7739/16 14/10/2016 C.1 14/10/2016 Book

Riara University Library,
P.O. Box 49940-00100,
Nairobi, Kenya.